000 00629cam a2200205 4500500
005 20260405002647.0
041 _afre
042 _adc
100 1 0 _aLacroix, Alexandre
_eauthor
245 0 0 _aLe supermarché sans caisse ou le paradis de l’illusion
260 _c2018.
500 _a38
690 _aAmazon
690 _aAmérique
690 _aConsommation
690 _aJean Baudrillard
690 _aSupermarché
786 0 _nPhilosophie magazine | 117 | 3 | 2018-03-01 | p. 12-12 | 1951-1787
856 4 1 _uhttps://shs.cairn.info/magazine-philosophie-magazine-2018-3-page-12?lang=fr&redirect-ssocas=7080
999 _c2059800
_d2059800